000 01047nam a22002537a 4500
005 20170124102949.0
010 _aB-040903
020 _c100.00
035 _aB-040903
037 _bCen Lib/Ret
040 _aDPL
_bHN
082 _a821
_bमाचवे
100 _aमाचवे, प्रभाकर
_951019
245 _aविश्वकर्मा ;
_cप्रभाकर माचवे
_bखंड-काव्य /
246 _aVishvkarma : khand-kavya /
_bby Prabhakar Machve
260 _aमेरठ
_bभारतीय साहित्य प्रकाशन
_c2000
270 _bमेरठ
_a286, चाणक्य पूरी, सदर
_e250001
300 _a100पृ.
_c21सेमी(सजिल्द)
650 _aहिंदी साहित्य
_951020
650 _aहिंदी साहित्य -- कविता
_951021
650 _aHindi literature
_951022
650 _aHindi literature -- Poetry
_951023
942 _2ddc
_cHN
_h821
_mमाचवे
999 _c113184
_d113184